000 00331nam a22001457a 4500
003 OSt
005 20170105103447.0
008 131204t xxu||||| |||| 00| 0 eng d
020 _a978-0-7234-3418-4
040 _cASAB
100 _aGareth Kitchen
_9392
245 _aImmunology and Haematology
250 _a3rd ed.
942 _2ddc
_cBK
999 _c16663
_d16663